000 00572nam a2200229Ia 4500
003 OSt
005 20220924134733.0
006 a|||||r|||| 00| 0
007 ta
008 220923b |||||||| |||| 00| 0 ara d
024 _a286340
037 _cTextual
040 _aARTS
_cARTS
_bara
041 _2ara
_aara
082 _aO28:g, N7
100 _aAnani D. Mohammad Au.
_9209087
245 0 _aAl-adab-o-funoonah
260 _c1997
650 _aARABIC LITERATURE
942 _hO28:g, N7
_cTEXL
_2CC
999 _c438346
_d438346